Повышение эффективности технологических процессов машиностроения: межвузовский сборник научных трудов

書目詳細資料
其他作者: Иванкин Ю. Н. (редактор)
語言:俄语
出版: Пермь, Изд-во ППИ, 1980
主題:
格式: 圖書
KOHA link:https://koha.lib.tpu.ru/cgi-bin/koha/opac-detail.pl?biblionumber=312373

MARC

LEADER 00000nam0a2200000 4500
001 312373
005 20231102002459.0
020 |a RU  |b 81-25693 
035 |a (RuTPU)RU\TPU\book\337741 
090 |a 312373 
100 |a 20151221d1980 k y0rusy5003 ca 
101 0 |a rus 
102 |a RU 
105 |a a z 001zy 
200 1 |a Повышение эффективности технологических процессов машиностроения  |e межвузовский сборник научных трудов  |f под ред. Ю. Н. Иванкина 
210 |a Пермь  |c Изд-во ППИ  |d 1980 
215 |a 179 с.  |c ил. 
320 |a Библиогр. в конце ст. 
606 1 |a Машиностроение  |x Технологические процессы  |2 stltpush  |3 (RuTPU)RU\TPU\subj\70493  |9 84738 
610 1 |a металлообработка чистовая 
610 1 |a экономическая эффективность 
610 1 |a финишная обработка 
610 1 |a детали машин 
610 1 |a шлифование 
610 1 |a доводка 
610 1 |a выглаживание 
675 |a 621.002:658.512  |z rus  |v 3 
702 1 |a Иванкин  |b Ю. Н.  |4 340 
801 0 |a RU  |b RuMRKP  |c 19950704  |g psbo 
801 1 |a RU  |b 63413507  |c 20151221 
801 2 |a RU  |b 63413507  |c 20191003  |g RCR 
942 |c BK